000 00756nas a2200253 4500
001 BR8603400
003 BR-BrBNA
005 20231205090538.0
007 ta
008 230509b bl.|||p| |||| 00| 00por d
040 _aBR-BrBNA
_bpor
_cBiblioteca Nacional de Agricultura
041 _a(Pt)
072 _aH20
100 1 _aCafe Filho, A.C.
100 1 _aReifschneider, F.J.B.
245 1 _aOcorrencia de Plasmodiophora brassicae no Distrito Federal [couve, mostarda, repolho, fungo]
650 _aCOUVE
650 _aMOSTARDA
650 _aREPOLHO
650 _aFUNGO
773 0 _tHorticultura Brasileira (Brazil)
_xISSN 0102-0536
_g(May 1986), v. 4(1) p. 37-38
_wBR8603400
909 _a202311
_bLúcia
_c55
_dLúcia Elande
942 _2AGRIS
_n0
_cANA
999 _c119200
_d119200